Find the 6-letter European Countries Quiz Stats

 Plays Quiz not verified by Sporcle

Support Sporcle.
Go Orange.
Score 0/12 Timer 03:00
0 Plays Today
% Correct
France
91.5%
Sweden
89.8%
Norway
88.1%
Turkey
87%
Greece
85.7%
Russia
84.3%
Poland
82.9%
Kosovo
77.5%
Serbia
76.8%
Latvia
75.1%
Cyprus
71.7%
Monaco
57.7%

You're not logged in!

Compare scores with friends on all Sporcle quizzes.
OR
Log In

From the Vault

Odd But True Facts XXV

by babymonkee

Does that mean if one of the facts was a lie this would be even?
Remove Ads.
Support Sporcle.
Get the best of Sporcle when you Go Orange. This ad-free experience offers more features, more stats, and more fun while also helping to support Sporcle. Thank you for becoming a member.

Show Comments

Extras

Top Quizzes Today


Score Distribution

Your Account Isn't Verified!

In order to create a playlist on Sporcle, you need to verify the email address you used during registration. Go to your Sporcle Settings to finish the process.

Report this User

Report this user for behavior that violates our Community Guidelines.

Details: